• 首页
  • 本馆介绍
  • 公告通知
  • 最新文献
  • 馆藏检索
  • 电子资源
  • 读者导购
  • 参考咨询
  • 我的图书馆
  • 登录
  • 详细信息显示
  • 放入我的书架
  • 预约/预借图书
  • 作者相关作品
  • 分类相关作品
  • 丛书相关作品
  • 出版社相关作品

书目信息

  • 表格格式
  • 工作单格式
  • 卡片格式
题名:
梦溪笔谈
    
 
作者: 诸雨辰 译注
分册:  
出版信息:    2016.09
页数: 753页
开本: 20cm
丛书名:
单 册:
中图分类: Z429.441
科图分类:
主题词: 文集--中国 , 全集--中国 , 选集--中国
电子资源:
ISBN:
000 00550nam0 2200205 450
001 2640059873
005 20260305111124.03
010    @dCNY54.00
100    @a20260305d2016 km y0chiy0120 ea
101 0  @achi
200 1  @a梦溪笔谈@AMeng Xi Bi Tan@f诸雨辰译注@FZhu Yu Chen Yi Zhu
210    @d2016.09
215    @a753页@d20cm
606 0  @a文集@x中国
606 0  @a全集@x中国
606 0  @a选集@x中国
690    @aZ429.441@v4
701  0 @a诸雨辰@AZhu Yu Chen@4译注
801  0 @aCN@b大连网信软件有限公司图书馆·11@c20260305
905    @aZUCC@dZ429.441@e106
    
    梦溪笔谈/诸雨辰译注.-2016.09
    753页;20cm
    
    
    ISBN :CNY54.00
    
●
相关链接 在E读中查询图书 在五车中查询图书 在当当中查询图书 在豆瓣中查询图书


正题名:梦溪笔谈     索取号:Z429.441/106         预约/预借

序号 登录号 条形码 馆藏地/架位号 状态 备注
1 1442154   214421543   第二样本阅览室/ [索取号:Z429.441/106] 在馆    
唐山师范学院图书馆 欢迎您!
大连网信软件有限公司© 版权所有